000 00775nam a2200229 a 4500
001 BRL_133
005 20190320210614.0
008 990211s1974 cc-a######---#000-0#eng-#
040 _aDLC
_cDLC
041 _aeng
_hcc
050 4 _aND1045
_b.P43 1974
245 1 0 _aPeasant paintings from Huhsien County
_ccompiled by the Fine Arts Collection Section of the Cultural Group under the State Council of the People“s Republic of China.
260 _aPeking
_bForeign Languages Press
_c1974
300 _a[80] p.
_bil. a color
_c30 cm.
500 _aCuenta con dedicatoria para Ruth
500 _aAu168
650 1 4 _aPintura
_ySiglo XX
_923000
651 4 _aHu Xian
_xArte
_zChina
_923001
700 1 _aHu Xian nong min hua xuan ji
_etr.
_923002
902 _aGRL
942 _2lcc
_cB
999 _c8946
_d8946